Statistiques concernant Culture Générale - Série 1237

Cliquez ici pour prendre le quiz!

Statistiques générales

  • Ce quiz a été pris 38 fois
  • Le résultat moyen est 6 sur 10

Statistiques - réponses

Question Réponse % Correct
Quel exercice sportif, aussi appelé "benji", consiste à sauter dans le vide en étant attaché à un câble en latex ?saut à l'élastique
89%
Comment appelle-t-on l'explosion qui serait à l'origine de l'expansion de l'univers ?big bang
89%
Sous quel nom de scène, Madonna Louise Veronica Ciccone est-t-elle mondialement connue ?Madonna
83%
Dans quel sport l'Américain Joe Louis, a-t-il été champion du monde de 1937 à 1949 ?boxe
75%
Dans le film de Jean Cocteau "La Belle et la Bête", quel acteur interprète le rôle de la Bête ?Jean Marais
69%
Dans quelle communauté autonome d'Espagne se situent les villes de Malaga et Almeria ?Andalousie
61%
Avec quel acteur Bud Spencer a-t-il formé un duo dans les films "On l'appelle Trinita" et "Pair et impair" ?Terence Hill
56%
Quel nom porte l'emblème des médecins ?Caducée
53%
Quel nom désigne la navigation marchande qui se pratique le long des côtes, de port en port ?cabotage
25%
Quel auteur britannique a écrit "L'Étrange cas du Dr Jekyll et de M. Hyde" ?Robert Louis Stevenson
19%

Distribution des résultats

Percentile par nombre de réponses

% des personnes avec chaque résultat

Votre développement - résultats

Vous n’avez pas pris ce quiz